| 000 | 00634nam a22001935i 4500 | ||
|---|---|---|---|
| 001 | 169316 | ||
| 003 | ES-MaACL | ||
| 005 | 20230906214046.0 | ||
| 008 | 080901s2005 sp |||| | spa d | ||
| 080 | _a929.6(460.23) | ||
| 100 | 1 |
_aJáuregui Adell, Juan. _9138408 |
|
| 245 | 1 | 0 |
_aSellos de los condes de Barcelona y reyes de Aragón / _cJ. Jáuregui Adell. |
| 260 |
_aMadrid : _bHigalguía, _c2005. |
||
| 300 |
_aP. 209-255 : _bil. ; _c24 cm. |
||
| 595 | _aSeparata de: Hidalguía, n. 309, 2005. | ||
| 650 | 4 |
_aHeráldica- _zCataluña. _9138409 |
|
| 650 | 4 |
_aHeráldica- _zAragón (Reino) _9157659 |
|
| 852 |
_aES-MaACL _j2233-F-17 |
||
| 999 |
_c169316 _d169316 |
||